| 000 | 00953nmm a2200313 a 4500 | ||
|---|---|---|---|
| 001 | ocm0002347830 | ||
| 003 | TR-IsHL | ||
| 005 | 20201028190020.0 | ||
| 008 | 191222s2019 tu tur | ||
| 007 | cr cn | ||
| 020 | _a9786052815304 | ||
| 035 |
_a2347830 _b(N$T) |
||
| 050 | 0 | 4 |
_aD14 _b.B65 2019 |
| 090 | 0 | 4 |
_aD14 _b.B65 2019 |
| 100 | 1 | _aBölükbaşı, Mehmet | |
| 245 | 1 | 0 |
_aArap - İslam dünyasında tarih yazıcılığı _h[electronic resource] / _cMehmet Bölükbaşı |
| 250 | _a1. Baskı | ||
| 260 |
_aİstanbul : _bHiperyayın , _c2019 |
||
| 300 | _a128 p. | ||
| 500 | _aKaynakça sayfa: 121-130 | ||
| 650 | 4 | _aTarih | |
| 650 | 4 | _aHistory | |
| 650 | 0 | _aTarih yazıcılığı | |
| 650 | 0 | _aHistography | |
| 650 | 0 | _aMüslüman tarihçiler | |
| 650 | 0 | _aMuslim historians | |
| 650 | 7 |
_aHISTORY / General _2bisacsh |
|
| 856 | 4 | 0 | _uhttp://search.ebscohost.com/login.aspx?direct=true&scope=site&db=e011xww&AN=2347830 |
| 999 |
_c21726 _d21726 |
||